Anatomía del balance

Uloženo v:
Podrobná bibliografie
Hlavní autor: Barros Garcés, Raúl (Autor)
Médium: Kniha
Jazyk:španělština
Vydáno: Santiago Editorial Universitaria 1985
Vydání:6a. ed
Témata:
Tagy: Přidat tag
Žádné tagy, Buďte první, kdo vytvoří štítek k tomuto záznamu!

MARC

LEADER 00000cam a2200000 a 4500
001 UCD9098
003 CL-VaPUC
008 170602e19850000cl |||||||||||||||||spa|d
020 |a 8483400030 
082 0 4 |a 658.15  |b BAR  |2 21 
100 |a Barros Garcés, Raúl  |e author  |9 592776 
245 1 0 |a Anatomía del balance 
250 |a 6a. ed 
300 |a 81 p 
942 |c BK 
945 |d 20170602 23:29:00  |a arojas 
260 |a Santiago  |b Editorial Universitaria  |c 1985 
650 0 |a Finanzas  |9 260832 
650 0 |a Contabilidad   |9 261430 
650 7 |a BALANCE  |2 CL-VaPUC  |9 352306 
583 |a last modification  |c 20170602 23:29:00  |k Rodrigo Vera 
999 |c 368381  |d 368379